000 00661nam a2200217Ii 4500
003 JO-AjNU
008 230605s9999||||xx |||||||||||||| ||und||
017 _a2003/7/1387
040 _aJO-AjNU
_bara
_erda
_cJO-AjNU
041 _aara
050 1 4 _aLB1167.N2738 2004
100 3 _aالناشف، هدى محمود ,
_eauthor
_942017
245 0 0 _aبرامج رياض الأطفال
250 _aط1
264 3 1 _aعمان:دار الفكر،2004
300 _a303ص
336 _atext
_btxt
_2rdacontent
337 _aunmediated
_bn
_2rdamedia
338 _avolume
_bnc
_2rdacarrier
650 4 _a رياض الأطفال-مدارس الحضانة
_942018
999 _aA17960
_c21528
_d21528